Problems and solutions in advanced accountancy Vol I Rev Ed 6 (Record no. 142622)

MARC details
000 -LEADER
fixed length control field 00748nam a2200325Ia 4500
008 - FIXED-LENGTH DATA ELEMENTS--GENERAL INFORMATION
fixed length control field 210210b2009 xxu||||| |||| 00| 0 eng d
020 ## - INTERNATIONAL STANDARD BOOK NUMBER
International Standard Book Number 9788125921998
041 ## - LANGUAGE CODE
Language code of text/sound track or separate title eng
082 ## - DEWEY DECIMAL CLASSIFICATION NUMBER
Classification number 657.046 MAHP
100 ## - MAIN ENTRY--PERSONAL NAME
Personal name MAHESHWARI (S N)
245 ## - TITLE STATEMENT
Title Problems and solutions in advanced accountancy Vol I Rev Ed 6
250 ## - EDITION STATEMENT
Edition statement
260 ## - PUBLICATION, DISTRIBUTION, ETC.
Place of publication, distribution, etc. New Delhi
Name of publisher, distributor, etc. Vikas Publishing House Pvt Ltd.,
Date of publication, distribution, etc. 2009
300 ## - PHYSICAL DESCRIPTION
Extent xii,1215
440 ## - SERIES STATEMENT/ADDED ENTRY--TITLE
Title 1
650 ## - SUBJECT ADDED ENTRY--TOPICAL TERM
Topical term or geographic name entry element Vol
650 ## - SUBJECT ADDED ENTRY--TOPICAL TERM
Topical term or geographic name entry element solutions
650 ## - SUBJECT ADDED ENTRY--TOPICAL TERM
Topical term or geographic name entry element Rev
650 ## - SUBJECT ADDED ENTRY--TOPICAL TERM
Topical term or geographic name entry element Problems
650 ## - SUBJECT ADDED ENTRY--TOPICAL TERM
Topical term or geographic name entry element in
650 ## - SUBJECT ADDED ENTRY--TOPICAL TERM
Topical term or geographic name entry element I
650 ## - SUBJECT ADDED ENTRY--TOPICAL TERM
Topical term or geographic name entry element Ed
650 ## - SUBJECT ADDED ENTRY--TOPICAL TERM
Topical term or geographic name entry element and
650 ## - SUBJECT ADDED ENTRY--TOPICAL TERM
Topical term or geographic name entry element advanced
650 ## - SUBJECT ADDED ENTRY--TOPICAL TERM
Topical term or geographic name entry element accountancy
650 ## - SUBJECT ADDED ENTRY--TOPICAL TERM
Topical term or geographic name entry element 6
690 ## - LOCAL SUBJECT ADDED ENTRY--TOPICAL TERM (OCLC, RLIN)
Topical term or geographic name as entry element Accountancy
700 ## - ADDED ENTRY--PERSONAL NAME
Personal name MAHESHWARI (S K)
906 ## - LOCAL DATA ELEMENT F, LDF (RLIN)
a 065138
Holdings
Withdrawn status Lost status Source of classification or shelving scheme Damaged status Not for loan Collection code Home library Current library Date acquired Source of acquisition Cost, normal purchase price Total Checkouts Full call number Barcode Date last seen Date last checked out Price effective from Koha item type
    Dewey Decimal Classification     Commerce St Aloysius Library St Aloysius Library 02/17/2021 Knowledge World, Bangalore-18 515.00 2 657.046 MAHP 065138 03/31/2026 11/29/2025 02/17/2021 Book